| 000 | 00445nam a2200181Ia 4500 | ||
|---|---|---|---|
| 001 | 1835 | ||
| 005 | 20260306143758.0 | ||
| 008 | 260306t2002||||xx |||||||||||||| ||spa|| | ||
| 041 | _aESP | ||
| 082 |
_a155.6718 _bF41 V. 5 |
||
| 100 |
_aFernández-Ballesteros, Rocío _eAUT |
||
| 245 | 0 | _aY... cuando ocurre lo inevitable | |
| 260 | _c2002 | ||
| 300 |
_a166 páginas : _c23 cm. |
||
| 650 | _aGEN | ||
| 654 | _aCPS | ||
| 942 |
_cLIB _dJUS _fJUS _2ddc _n |
||
| 999 |
_c1835 _d1835 |
||